[Event "Deutsche Ländermeisterschaft 2013"]
[Site "Hannover GER"]
[Date "2013.10.03"]
[Round "3"]
[White "Kitze, Alexander"]
[Black "Hahn, Markus"]
[Result "1/2-1/2"]
[Termination "normal"]
[Board "6.1"]
[WhiteTitle "14"]
[BlackTitle "20"]
[WhiteElo "1951"]
[BlackElo "2239"]
[WhiteTeam "Sachsen-Anhalt"]
[BlackTeam "Hessen"]
[WhiteFideId "12914827"]
[BlackFideId "24654647"]
[EventCountry "GER"]
[EventRounds "7"]
[EventType "team-swiss"]
[EventDate "2013.10.02"]

1. e4 c5 2. Nf3 e6 3. d4 cxd4 4. Nxd4 a6 5. Bd3 Nf6 6. O-O d6 7. c4 b6 8. Nc3
Bb7 9. Qe2 Be7 10. f4 Nbd7 11. Bd2 Qc7 12. Kh1 h5 13. f5 e5 14. Nc2 Nc5 15. Bg5
Rc8 16. Bxf6 Bxf6 17. Ne3 Nxd3 18. Qxd3 Bg5 19. b3 Bxe3 20. Qxe3 b5 21. Nd5
Bxd5 22. cxd5 f6 23. Rac1 Qb7 24. Rxc8+ Qxc8 25. Rc1 Qb7 26. Rc6 Ke7 27. Qc3
Kd7 28. Qg3 Rg8 29. Qg6 Ke7 30. Qxh5 Rc8 31. Qh7 Rxc6 32. Qxg7+ Ke8 33. Qg8+
Ke7 34. Qe6+ Kf8 35. Qxf6+ Ke8 36. Qe6+ Kd8 37. Qg8+ Kd7 38. Qe6+ Kd8 39. Qf6+
Ke8 40. dxc6 Qxc6 41. Qg5 Qxe4 42. h3 Qe1+ 43. Kh2 Qf2 44. h4 e4 45. h5 e3 46.
h6 e2 47. h7 e1=Q 48. h8=Q+ Kd7 49. Qgd8+ Kc6 50. Qc8+ Kd5 51. Qb7+ Kc5 52.
Qa7+ Kb4 53. Qhd4+ Qxd4 54. Qxd4+ Ka3 55. Qxd6+ b4 56. Qxa6+ Kb2 57. Qf6+ Kxa2
58. Qa6+ Kb2 59. Qe6 Qh4+ 60. Kg1 Qd4+ 61. Kh2 Qh4+ 62. Kg1 1/2-1/2

[Event "Deutsche Ländermeisterschaft 2013"]
[Site "Hannover GER"]
[Date "2013.10.03"]
[Round "3"]
[White "Baskin, Robert"]
[Black "Heinemann, Josefine"]
[Result "1/2-1/2"]
[Termination "normal"]
[Board "6.2"]
[WhiteTitle "14"]
[BlackTitle "16w"]
[WhiteElo "2138"]
[BlackElo "2003"]
[WhiteTeam "Hessen"]
[BlackTeam "Sachsen-Anhalt"]
[WhiteFideId "24662402"]
[BlackFideId "12900460"]
[EventCountry "GER"]
[EventRounds "7"]
[EventType "team-swiss"]
[EventDate "2013.10.02"]

1. e4 c5 2. Nf3 e6 3. d4 cxd4 4. Nxd4 Nc6 5. Nc3 Qc7 6. Nb3 a6 7. Bd3 b5 8. O-O
Bb7 9. f4 d6 10. Be3 Nf6 11. Qf3 Be7 12. Rae1 O-O 13. Qh3 Rad8 14. f5 Bc8 15.
Nd4 Nxd4 16. Bxd4 e5 17. Bf2 d5 18. exd5 b4 19. d6 Bxd6 20. Ne4 Nxe4 21. Bxe4
Bc5 22. Qg3 f6 23. Kh1 Bxf2 24. Rxf2 Rd4 25. c3 bxc3 26. Rc2 Rfd8 27. Rxc3 Rc4
28. Rxc4 Qxc4 29. a3 Rd4 30. Qe3 Bd7 31. h3 Kf8 32. Kg1 Ba4 33. Rc1 Qxc1+ 34.
Qxc1 Rd1+ 35. Qxd1 Bxd1 36. b4 Be2 37. Kf2 1/2-1/2

[Event "Deutsche Ländermeisterschaft 2013"]
[Site "Hannover GER"]
[Date "2013.10.03"]
[Round "3"]
[White "Pallas, Sebastian"]
[Black "Galkin, Wladislaw"]
[Result "0-1"]
[Termination "normal"]
[Board "6.3"]
[WhiteTitle "14"]
[BlackTitle "18"]
[WhiteElo "1903"]
[BlackElo "2088"]
[WhiteTeam "Sachsen-Anhalt"]
[BlackTeam "Hessen"]
[WhiteFideId "12905453"]
[BlackFideId "4603192"]
[EventCountry "GER"]
[EventRounds "7"]
[EventType "team-swiss"]
[EventDate "2013.10.02"]

1. e4 e5 2. Nf3 Nc6 3. d4 exd4 4. Nxd4 Nf6 5. Nxc6 bxc6 6. Bd3 d5 7. e5 Nd7 8.
O-O Nc5 9. Be2 Be7 10. Be3 O-O 11. c4 Ne6 12. f4 d4 13. Bf2 Nxf4 14. Bf3 Ne6
15. Bxc6 Rb8 16. Nd2 Bb7 17. Bxb7 Rxb7 18. Nb3 c5 19. Qd3 Rb6 20. Bg3 Bg5 21.
Rad1 a5 22. Rb1 a4 23. Na1 Qa8 24. Nc2 Qb7 25. b3 axb3 26. axb3 Rb8 27. Rf3 Qa7
28. Ra1 Ra6 29. Rb1 Rab6 30. Ra1 Ra6 31. Rb1 Ra2 32. Rf2 Qa5 33. Qf3 Rb7 34.
Qe4 Rd7 35. Rf3 Qd2 36. Rf2 Qc3 37. h4 Qxg3 38. hxg5 d3 39. Rf3 Nxg5 0-1

[Event "Deutsche Ländermeisterschaft 2013"]
[Site "Hannover GER"]
[Date "2013.10.03"]
[Round "3"]
[White "Keller, Peter"]
[Black "Niegsch, Nicolas"]
[Result "1/2-1/2"]
[Termination "normal"]
[Board "6.4"]
[WhiteTitle "16"]
[BlackTitle "16"]
[WhiteElo "2036"]
[BlackElo "2004"]
[WhiteTeam "Hessen"]
[BlackTeam "Sachsen-Anhalt"]
[WhiteFideId "1272105"]
[BlackFideId "12932140"]
[EventCountry "GER"]
[EventRounds "7"]
[EventType "team-swiss"]
[EventDate "2013.10.02"]

1. e4 c5 2. Nf3 d6 3. d4 cxd4 4. Nxd4 Nf6 5. Nc3 e6 6. Be2 a6 7. O-O Be7 8. f4
Qc7 9. Qe1 O-O 10. Qg3 Nc6 11. Be3 Nxd4 12. Bxd4 b5 13. a3 Bb7 14. Bd3 e5 15.
fxe5 Nh5 16. Qh3 dxe5 17. Qxh5 exd4 18. Nd5 Bxd5 19. exd5 g6 20. Qg4 Bd6 21. g3
Rae8 22. Rae1 Re3 23. Kg2 Rfe8 24. Rxe3 dxe3 25. b4 Qe7 26. c4 h5 27. Qe2 bxc4
28. Bxc4 h4 29. Rf3 Qe5 30. Bxa6 hxg3 31. hxg3 Kg7 32. Bb5 Rh8 33. Qxe3 Qh5 34.
Qd4+ Kg8 35. Qh4 Qxd5 36. Qd8+ Kg7 37. Qf6+ Kg8 38. Qd8+ 1/2-1/2

[Event "Deutsche Ländermeisterschaft 2013"]
[Site "Hannover GER"]
[Date "2013.10.03"]
[Round "3"]
[White "Stein, Robert"]
[Black "Schmalhorst, Sophia"]
[Result "1-0"]
[Termination "normal"]
[Board "6.5"]
[WhiteTitle "12"]
[BlackTitle "18w"]
[WhiteElo "1761"]
[BlackElo "1945"]
[WhiteTeam "Sachsen-Anhalt"]
[BlackTeam "Hessen"]
[WhiteFideId "12921084"]
[BlackFideId "24682497"]
[EventCountry "GER"]
[EventRounds "7"]
[EventType "team-swiss"]
[EventDate "2013.10.02"]

1. e4 e5 2. Nf3 Nc6 3. d4 exd4 4. Nxd4 Nf6 5. Nxc6 bxc6 6. Nd2 d5 7. Bd3 Bc5 8.
O-O O-O 9. e5 Ng4 10. Nf3 f6 11. exf6 Nxf6 12. Bg5 Qd6 13. c4 Bg4 14. Be2 Ne4
15. Be3 Bxe3 16. fxe3 Rae8 17. Nd2 Rxf1+ 18. Nxf1 Bxe2 19. Qxe2 Qe5 20. cxd5
cxd5 21. Rc1 c5 22. Rd1 Rb8 23. Qa6 Rxb2 24. Qc8+ Kf7 25. Qd7+ Qe7 26. Qxd5+
Qe6 27. Qh5+ Kf6 28. Rd8 Ng5 29. h4 Nf7 30. Rf8 g6 31. Qxc5 Rb1 32. Qc3+ Ke7
33. Qc5+ Kf6 34. Qd4+ Ke7 35. Ra8 Qf5 36. Rxa7+ Kf8 37. Qf4 1-0

[Event "Deutsche Ländermeisterschaft 2013"]
[Site "Hannover GER"]
[Date "2013.10.03"]
[Round "3"]
[White "Schirra, Maurice"]
[Black "Roseneck, Jonas"]
[Result "0-1"]
[Termination "normal"]
[Board "6.6"]
[WhiteTitle "12"]
[BlackTitle "12"]
[WhiteElo "1662"]
[BlackElo "1740"]
[WhiteTeam "Hessen"]
[BlackTeam "Sachsen-Anhalt"]
[WhiteFideId "12941115"]
[BlackFideId "12939870"]
[EventCountry "GER"]
[EventRounds "7"]
[EventType "team-swiss"]
[EventDate "2013.10.02"]

1. e4 c5 2. Nc3 d6 3. f4 Nc6 4. Bb5 Bd7 5. Nf3 g6 6. O-O Bg7 7. d3 e6 8. Bxc6
Bxc6 9. f5 exf5 10. exf5 Ne7 11. fxg6 hxg6 12. Qe1 Qd7 13. Bg5 f6 14. Bf4 g5
15. Bg3 O-O-O 16. Ne4 Nf5 17. Nfd2 Nxg3 18. Qxg3 f5 19. Nc3 Be5 20. Qe1 Bd4+
21. Rf2 Qh7 22. Nf1 Rde8 23. Ne2 Qh5 24. Nxd4 Rxe1 25. Rxe1 cxd4 26. Rxf5 Qg4
27. Rf2 Kc7 28. Ng3 Re8 29. Ref1 Re5 30. Rf7+ Kb6 31. R7f2 a5 32. a3 a4 33. Rc1
Rb5 34. c4 dxc3 35. Rxc3 Rb3 36. Rxb3+ axb3 37. Rd2 Qd4+ 38. Kf1 Qe3 39. Re2
Qxd3 40. Ke1 d5 41. Nf1 d4 42. g3 Qb1+ 43. Kf2 Bb5 44. Re6+ Ka7 45. Nd2 Qxb2
46. Ke1 Qc1+ 0-1

[Event "Deutsche Ländermeisterschaft 2013"]
[Site "Hannover GER"]
[Date "2013.10.03"]
[Round "3"]
[White "Reinecke, Katharina"]
[Black "Bierfreund, Trine Maja"]
[Result "1-0"]
[Termination "normal"]
[Board "6.8"]
[WhiteTitle "12w"]
[BlackTitle "12w"]
[WhiteElo "1597"]
[BlackElo "1253"]
[WhiteTeam "Hessen"]
[BlackTeam "Sachsen-Anhalt"]
[WhiteFideId "12929727"]
[BlackFideId "12957372"]
[EventCountry "GER"]
[EventRounds "7"]
[EventType "team-swiss"]
[EventDate "2013.10.02"]

1. e4 e5 2. Nf3 Nc6 3. Bc4 Bc5 4. c3 Nf6 5. d3 d6 6. Nbd2 O-O 7. O-O a6 8. Bb3
Bg4 9. h3 Bh5 10. Re1 Ne7 11. Nf1 Bxf3 12. Qxf3 Ng6 13. Ng3 c6 14. Nf5 b5 15.
Bg5 Qd7 16. Nh6+ gxh6 17. Bxf6 Rfb8 18. Qh5 Kf8 19. Qxh6+ Ke8 20. Qxh7 Bb6 21.
Qg8+ Nf8 22. h4 Bd8 23. Bxd8 Rxd8 24. Re3 Rdb8 25. Rf3 d5 26. exd5 cxd5 27. Re1
Qe7 28. Bxd5 f6 29. Bxa8 Rxa8 30. Rfe3 Rd8 31. d4 Kd7 32. dxe5 f5 33. Rd3+ Kc6
34. Rxd8 Qxd8 35. e6 Qe7 36. Qf7 Qxf7 37. exf7 Kd7 38. Re8 Ng6 39. f8=Q Nxf8
40. Rxf8 Kc6 41. h5 Kb6 42. h6 Ka5 43. h7 Kb6 44. h8=Q Ka5 45. Ra8 Kb6 46. Qf6+
Kc5 47. Rc8+ Kd5 48. f4 Ke4 49. Qe5+ Kd3 50. Rd8+ Kc2 51. Qe2+ Kb1 52. Rd1+ 1-0

[Event "Deutsche Ländermeisterschaft 2013"]
[Site "Hannover GER"]
[Date "2013.10.03"]
[Round "3"]
[White "Zimmermann, Ulrich"]
[Black "Kugler, Florian"]
[Result "1-0"]
[Termination "normal"]
[Board "7.1"]
[WhiteTitle "20"]
[BlackTitle "20"]
[WhiteElo "2271"]
[BlackElo "2236"]
[WhiteTeam "Württemberg"]
[BlackTeam "Hamburg"]
[WhiteFideId "24654523"]
[BlackFideId "4633300"]
[EventCountry "GER"]
[EventRounds "7"]
[EventType "team-swiss"]
[EventDate "2013.10.02"]

1. d4 g6 2. c4 Bg7 3. e4 d6 4. Nc3 Nd7 5. Be3 e5 6. d5 Ne7 7. g4 O-O 8. g5 f5
9. gxf6 Nxf6 10. f3 Bd7 11. Qd2 Nh5 12. O-O-O a6 13. Kb1 Qb8 14. c5 Nc8 15. Bh3
Bxh3 16. Nxh3 dxc5 17. Bxc5 Nd6 18. Ng5 Bh6 19. Qg2 b6 20. Be3 Qc8 21. Bc1 Bxg5
22. Qxg5 Rxf3 23. Qxe5 Qg4 24. Rhg1 Qh3 25. Qd4 Qxh2 26. e5 Nf7 27. d6 Qxe5 28.
Qxe5 Nxe5 29. dxc7 Rc8 30. Rge1 Nc6 31. Re6 Rxc7 32. Nd5 1-0

[Event "Deutsche Ländermeisterschaft 2013"]
[Site "Hannover GER"]
[Date "2013.10.03"]
[Round "3"]
[White "Kramer, Julian"]
[Black "Gibicar, Danijel"]
[Result "1/2-1/2"]
[Termination "normal"]
[Board "7.2"]
[WhiteTitle "16"]
[BlackTitle "18"]
[WhiteElo "2137"]
[BlackElo "2149"]
[WhiteTeam "Hamburg"]
[BlackTeam "Württemberg"]
[WhiteFideId "12921742"]
[BlackFideId "24660256"]
[EventCountry "GER"]
[EventRounds "7"]
[EventType "team-swiss"]
[EventDate "2013.10.02"]

1. Nf3 Nf6 2. g3 g6 3. Bg2 Bg7 4. O-O O-O 5. c4 c5 6. Nc3 d5 7. cxd5 Nxd5 8. d4
cxd4 9. Nxd4 Nxc3 10. bxc3 Nc6 11. Nxc6 bxc6 12. Bxc6 Bh3 13. Bg2 Bxg2 14. Kxg2
Bxc3 15. Bh6 Bg7 16. Bxg7 Kxg7 17. Qb3 Qb6 18. Qc3+ Qf6 19. Rac1 Rfd8 20. Qxf6+
Kxf6 21. Rc6+ e6 1/2-1/2

[Event "Deutsche Ländermeisterschaft 2013"]
[Site "Hannover GER"]
[Date "2013.10.03"]
[Round "3"]
[White "Walter, Kevin"]
[Black "Hinrichs, Lars"]
[Result "1-0"]
[Termination "normal"]
[Board "7.3"]
[WhiteTitle "16"]
[BlackTitle "16"]
[WhiteElo "1939"]
[BlackElo "2037"]
[WhiteTeam "Württemberg"]
[BlackTeam "Hamburg"]
[WhiteFideId "12906654"]
[BlackFideId "12921769"]
[EventCountry "GER"]
[EventRounds "7"]
[EventType "team-swiss"]
[EventDate "2013.10.02"]

1. e4 c5 2. Nf3 Nf6 3. Nc3 d5 4. exd5 Nxd5 5. Bc4 e6 6. O-O Be7 7. d4 Nxc3 8.
bxc3 O-O 9. Bf4 Nc6 10. Re1 Qa5 11. d5 Qxc3 12. Bb5 Rd8 13. Bxc6 bxc6 14. d6
Bf8 15. Re3 Qc4 16. Bg3 f6 17. Rd3 Bd7 18. Nd2 Qa4 19. c4 Qxd1+ 20. Rxd1 e5 21.
Ne4 Bf5 22. f3 Bxe4 23. fxe4 Rd7 24. Bf2 Rb8 25. Bxc5 Kf7 26. Ba3 Ke6 27. c5
Rb5 28. Kf2 g6 29. g4 Bh6 30. Rb3 a6 31. Bb4 Rdb7 32. a4 Rxb4 33. Rxb4 Rxb4 34.
d7 Rb2+ 35. Kf1 1-0

[Event "Deutsche Ländermeisterschaft 2013"]
[Site "Hannover GER"]
[Date "2013.10.03"]
[Round "3"]
[White "Rogozenco, Teodora"]
[Black "Schmidt, Tobias"]
[Result "0-1"]
[Termination "normal"]
[Board "7.4"]
[WhiteTitle "14w"]
[BlackTitle "14"]
[WhiteElo "1884"]
[BlackElo "1932"]
[WhiteTeam "Hamburg"]
[BlackTeam "Württemberg"]
[WhiteFideId "12938084"]
[BlackFideId "1271683"]
[EventCountry "GER"]
[EventRounds "7"]
[EventType "team-swiss"]
[EventDate "2013.10.02"]

1. d4 d5 2. c4 dxc4 3. Nf3 Nf6 4. e3 e6 5. Bxc4 c5 6. O-O a6 7. dxc5 Bxc5 8.
Qxd8+ Kxd8 9. Be2 Ke7 10. b3 Nbd7 11. Bb2 Rd8 12. Nbd2 b6 13. Rfd1 Bb7 14. Nc4
Rac8 15. Ne1 b5 16. Ne5 Kf8 17. Rac1 Be7 18. Rxc8 Bxc8 19. Nc6 Re8 20. Nxe7
Kxe7 21. Ba3+ Kd8 22. Nf3 Nd5 23. Ng5 b4 24. Bb2 Ke7 25. e4 Nc3 26. Bxc3 bxc3
27. Rc1 h6 28. Nh3 Bb7 29. f3 Rc8 30. Bc4 Nb6 31. Rxc3 a5 32. Rc2 Ba6 33. Kf2
Nxc4 34. bxc4 Rxc4 35. Rxc4 Bxc4 36. a3 Kd6 37. Ke3 Kc5 38. Nf4 Kb5 39. Kd4 Bf1
40. Kc3 g5 41. Nh5 Bxg2 42. e5 Bxf3 43. Nf6 h5 44. Ne8 g4 45. Nd6+ Kc5 46. Nxf7
h4 47. Kd3 g3 48. hxg3 h3 0-1

[Event "Deutsche Ländermeisterschaft 2013"]
[Site "Hannover GER"]
[Date "2013.10.03"]
[Round "3"]
[White "Brandt, Carina"]
[Black "Weber, Sandra"]
[Result "1/2-1/2"]
[Termination "normal"]
[Board "7.6"]
[WhiteTitle "20w"]
[BlackTitle "16w"]
[WhiteElo "1886"]
[BlackElo "1782"]
[WhiteTeam "Hamburg"]
[BlackTeam "Württemberg"]
[WhiteFideId "12917940"]
[BlackFideId "1270049"]
[EventCountry "GER"]
[EventRounds "7"]
[EventType "team-swiss"]
[EventDate "2013.10.02"]

1. e4 c5 2. Nf3 Nc6 3. d4 cxd4 4. Nxd4 g6 5. c4 Bg7 6. Be3 Nf6 7. Nc3 O-O 8.
Be2 b6 9. Qd2 Bb7 10. f3 Rc8 11. O-O d6 12. Rac1 Ne5 13. b3 Qd7 14. Rfd1 Rfd8
15. Ndb5 Bc6 16. a4 Bxb5 17. Nxb5 Qb7 18. Rc2 Nc6 19. Qe1 Nd7 20. b4 a5 21.
bxa5 bxa5 22. Bd2 Qb6+ 23. Kh1 Nc5 24. Rb1 Qa6 25. Be3 Nb4 26. Rd2 Nxa4 27. c5
Qa8 28. cxd6 exd6 29. Rxd6 Nc2 30. Qf2 Nxe3 31. Rxd8+ Rxd8 32. Qxe3 1/2-1/2

[Event "Deutsche Ländermeisterschaft 2013"]
[Site "Hannover GER"]
[Date "2013.10.03"]
[Round "3"]
[White "Degenhard, Simon"]
[Black "Meyling, Lennart"]
[Result "0-1"]
[Termination "normal"]
[Board "7.7"]
[WhiteTitle "12"]
[BlackTitle "12"]
[WhiteElo "1713"]
[BlackElo "1731"]
[WhiteTeam "Württemberg"]
[BlackTeam "Hamburg"]
[WhiteFideId "12944017"]
[BlackFideId "12947130"]
[EventCountry "GER"]
[EventRounds "7"]
[EventType "team-swiss"]
[EventDate "2013.10.02"]

1. e4 c5 2. Nf3 d6 3. d4 cxd4 4. Nxd4 Nf6 5. Nc3 a6 6. Be3 e5 7. Nb3 Be6 8. f3
Nbd7 9. Qd2 b5 10. O-O-O Nb6 11. Be2 Be7 12. Kb1 O-O 13. Rdg1 Nc4 14. Bxc4 bxc4
15. Nc1 Rb8 16. N1e2 Qc7 17. Qd1 Qa5 18. g4 Nd7 19. h4 Rb7 20. Ka1 Rfb8 21. Bc1
Nc5 22. Qd2 Na4 23. Nxa4 Qxa4 24. Nc3 Qc6 25. Rd1 Qc7 26. g5 Rb4 27. a3 R4b6
28. Rdg1 Qb7 29. Nd1 d5 30. exd5 Bxd5 31. Qc3 Bc5 32. Rg4 Bxf3 33. Rxc4 Bd4 34.
Rc7 Bxc3 35. Rxb7 R6xb7 36. Rf1 Bxd1 37. Rxd1 Bxb2+ 0-1

[Event "Deutsche Ländermeisterschaft 2013"]
[Site "Hannover GER"]
[Date "2013.10.03"]
[Round "3"]
[White "Münch, Michelle"]
[Black "Mütsch, Annmarie"]
[Result "0-1"]
[Termination "normal"]
[Board "7.8"]
[WhiteTitle "12w"]
[BlackTitle "12w"]
[WhiteElo "915"]
[BlackElo "1360"]
[WhiteTeam "Hamburg"]
[BlackTeam "Württemberg"]
[BlackFideId "12971367"]
[EventCountry "GER"]
[EventRounds "7"]
[EventType "team-swiss"]
[EventDate "2013.10.02"]

1. e4 e5 2. Nf3 Nc6 3. Nc3 Nf6 4. Bc4 Be7 5. Ng5 O-O 6. O-O h6 7. Nf3 d6 8. d3
Bg4 9. h3 Bh5 10. g4 Bg6 11. g5 hxg5 12. Nxg5 Bh5 13. f3 Nd7 14. d4 Bxg5 15.
dxe5 Ndxe5 16. Be2 Bxc1 17. Rxc1 Qg5+ 18. Kh1 Qg3 19. Rg1 Qxh3# 0-1

[Event "Deutsche Ländermeisterschaft 2013"]
[Site "Hannover GER"]
[Date "2013.10.03"]
[Round "3"]
[White "Frischmann, Rick"]
[Black "Pixa, Richard"]
[Result "1-0"]
[Termination "normal"]
[Board "8.1"]
[WhiteTitle "20"]
[BlackTitle "16"]
[WhiteElo "2230"]
[BlackElo "1929"]
[WhiteTeam "Saarland"]
[BlackTeam "Berlin"]
[WhiteFideId "24660752"]
[BlackFideId "4626095"]
[EventCountry "GER"]
[EventRounds "7"]
[EventType "team-swiss"]
[EventDate "2013.10.02"]

1. e4 e6 2. d4 d5 3. Nd2 Nf6 4. e5 Nfd7 5. f4 c5 6. c3 Nc6 7. Ndf3 Qb6 8. h4
cxd4 9. cxd4 Bb4+ 10. Kf2 f6 11. Be3 O-O 12. Ne2 fxe5 13. fxe5 Be7 14. b3 a5
15. a3 Qa7 16. Nf4 Nb6 17. Bd3 h6 18. Bb1 Rf7 19. Qd3 Kf8 20. Qh7 Ke8 21. Bg6
Bf8 22. Qg8 Nd8 23. Bxf7+ Nxf7 24. Ng6 Nd7 25. Rac1 Qb6 26. Rc3 1-0

[Event "Deutsche Ländermeisterschaft 2013"]
[Site "Hannover GER"]
[Date "2013.10.03"]
[Round "3"]
[White "Greßmann, Moritz"]
[Black "Grewenig, Jan"]
[Result "1-0"]
[Termination "normal"]
[Board "8.2"]
[WhiteTitle "14"]
[BlackTitle "18"]
[WhiteElo "1889"]
[BlackElo "2025"]
[WhiteTeam "Berlin"]
[BlackTeam "Saarland"]
[WhiteFideId "24695084"]
[BlackFideId "4657330"]
[EventCountry "GER"]
[EventRounds "7"]
[EventType "team-swiss"]
[EventDate "2013.10.02"]

1. e4 c5 2. Nf3 Nc6 3. Bb5 d6 4. Bxc6+ bxc6 5. O-O e5 6. c3 Nf6 7. Re1 Be7 8.
d4 cxd4 9. cxd4 Qc7 10. dxe5 dxe5 11. Nc3 O-O 12. Be3 Rb8 13. Qc2 Be6 14. b3
Rfc8 15. Ng5 Bd7 16. Red1 h6 17. Nf3 Bg4 18. Qe2 Bb4 19. Bd2 Rd8 20. Rac1 Qa5
21. h3 Bxf3 22. Qxf3 Rd4 23. a3 Bxa3 24. Ra1 Qd8 25. Rxa3 Rxd2 26. Rxd2 Qxd2
27. Rxa7 Qd4 28. Ra4 Qd6 29. Nb1 g6 30. Na3 Kg7 31. Kh2 Qd2 32. Rc4 Rb6 33. Nc2
Nh5 34. Qe3 Qd8 35. g3 Nf6 36. Nb4 Rb5 37. Nxc6 Qd1 38. b4 Qf1 39. Rc1 1-0

[Event "Deutsche Ländermeisterschaft 2013"]
[Site "Hannover GER"]
[Date "2013.10.03"]
[Round "3"]
[White "Müller, Max"]
[Black "Donath, Johann"]
[Result "1/2-1/2"]
[Termination "normal"]
[Board "8.3"]
[WhiteTitle "16"]
[BlackTitle "16"]
[WhiteElo "1747"]
[BlackElo "1967"]
[WhiteTeam "Saarland"]
[BlackTeam "Berlin"]
[WhiteFideId "12900486"]
[BlackFideId "24685160"]
[EventCountry "GER"]
[EventRounds "7"]
[EventType "team-swiss"]
[EventDate "2013.10.02"]

1. c4 e5 2. g3 Nf6 3. Bg2 d5 4. cxd5 Nxd5 5. Nc3 Nb6 6. Nf3 Nc6 7. d3 Be7 8.
O-O Be6 9. Be3 O-O 10. d4 exd4 11. Nxd4 Nxd4 12. Bxd4 c6 13. b3 Qc7 14. Qc2
Rfd8 15. Rad1 Rac8 16. Be3 Qe5 17. Bf4 Qa5 18. Bf3 Nd5 19. Nxd5 Bxd5 20. Bxd5
cxd5 21. Qb1 Qa6 22. Rd3 Bf6 23. Rfd1 d4 24. Bc1 Re8 25. R1d2 Rc6 26. Bb2 Rce6
27. Bxd4 Rxe2 28. Be3 Rxd2 29. Rxd2 Qc6 30. Qc2 Qf3 31. Qd1 Qf5 32. Rd5 Qe6 33.
Rd6 Qe4 34. Qd3 Qf3 35. Qd1 Qe4 36. Qd3 Qb4 37. Qd2 Qa3 38. Rd7 b6 1/2-1/2

[Event "Deutsche Ländermeisterschaft 2013"]
[Site "Hannover GER"]
[Date "2013.10.03"]
[Round "3"]
[White "Leyrer, Thomas"]
[Black "Sonnhalter, Stella"]
[Result "1/2-1/2"]
[Termination "normal"]
[Board "8.4"]
[WhiteTitle "16"]
[BlackTitle "20w"]
[WhiteElo "1769"]
[BlackElo "1806"]
[WhiteTeam "Berlin"]
[BlackTeam "Saarland"]
[WhiteFideId "12908274"]
[BlackFideId "4624815"]
[EventCountry "GER"]
[EventRounds "7"]
[EventType "team-swiss"]
[EventDate "2013.10.02"]

1. d4 Nf6 2. c4 e6 3. Nc3 Bb4 4. f3 c5 5. e3 cxd4 6. exd4 Bxc3+ 7. bxc3 O-O 8.
Bd3 h6 9. Ne2 Nc6 10. O-O b6 11. Ba3 d6 12. Ng3 Ba6 13. Ne4 Nxe4 14. Bxe4 Rc8
15. Bxc6 Rxc6 16. d5 exd5 17. cxd5 Rxc3 18. Bb2 Rc5 19. Rf2 Qg5 20. Rd2 Bb7 21.
Kf2 Rxd5 22. Rxd5 Qxd5 23. Qxd5 Bxd5 24. Rd1 Bxa2 25. Ra1 Bc4 26. Rxa7 Re8 27.
Bd4 b5 28. Be3 d5 29. f4 Rb8 30. Ra1 b4 31. Rb1 b3 32. Rb2 Ra8 33. Bd4 Re8 34.
Be3 Re4 35. g3 d4 36. Bc1 d3 37. Be3 Be6 38. Bc1 Rc4 39. Be3 Rc2+ 40. Rxc2 dxc2
41. Bc1 f5 42. Ke3 Kf7 43. h4 Kg6 44. Kf2 Kh5 45. Ke3 Kg4 46. Kf2 Bd5 47. Bb2
g5 48. hxg5 hxg5 49. fxg5 Kxg5 50. Bc1+ Kg4 51. Ba3 Kg5 1/2-1/2

[Event "Deutsche Ländermeisterschaft 2013"]
[Site "Hannover GER"]
[Date "2013.10.03"]
[Round "3"]
[White "Müller, Sophie"]
[Black "Lagunow, Elina"]
[Result "0-1"]
[Termination "normal"]
[Board "8.5"]
[WhiteTitle "14w"]
[BlackTitle "16w"]
[WhiteElo "1444"]
[BlackElo "1736"]
[WhiteTeam "Saarland"]
[BlackTeam "Berlin"]
[WhiteFideId "12926698"]
[BlackFideId "4673387"]
[EventCountry "GER"]
[EventRounds "7"]
[EventType "team-swiss"]
[EventDate "2013.10.02"]

1. c4 Nf6 2. g3 g6 3. Bg2 Bg7 4. Nc3 O-O 5. e4 d6 6. Nge2 c6 7. O-O Nbd7 8. d3
e5 9. Be3 Ng4 10. Bd2 f5 11. Qc1 Nc5 12. Qc2 a5 13. f4 Qb6 14. Kh1 Be6 15. b3
Rae8 16. Rae1 Na6 17. h3 Nb4 18. Qb1 Nf2+ 19. Kh2 Nbxd3 20. Rxf2 Nxf2 21. Ng1
Nxe4 22. Nxe4 fxe4 23. Qxe4 d5 24. cxd5 Bxd5 25. Qb1 Bxg2 26. Kxg2 exf4 27.
Bxf4 Qd4 28. Nf3 Rxe1 29. Qxe1 Qb2+ 30. Qd2 b5 31. Qxb2 Bxb2 32. h4 c5 33. Bd6
Rc8 34. Ne5 c4 35. bxc4 bxc4 36. Nf3 c3 37. Ne1 c2 38. Nxc2 Rxc2+ 39. Kh3 Bc1
40. a3 Ra2 0-1

[Event "Deutsche Ländermeisterschaft 2013"]
[Site "Hannover GER"]
[Date "2013.10.03"]
[Round "3"]
[White "Schnabel, Bennett"]
[Black "Bureik, Nicolas"]
[Result "1-0"]
[Termination "normal"]
[Board "8.6"]
[WhiteTitle "12"]
[BlackTitle "12"]
[WhiteElo "1713"]
[BlackElo "1299"]
[WhiteTeam "Berlin"]
[BlackTeam "Saarland"]
[WhiteFideId "12943290"]
[BlackFideId "12971863"]
[EventCountry "GER"]
[EventRounds "7"]
[EventType "team-swiss"]
[EventDate "2013.10.02"]

1. d4 Nf6 2. Nd2 g6 3. e4 d6 4. Ngf3 Bg7 5. c3 Bg4 6. Qc2 Bxf3 7. Nxf3 Nbd7 8.
Bc4 O-O 9. O-O a6 10. a4 Nb6 11. Bb3 Nfd7 12. Be3 c5 13. Rfd1 Qc7 14. a5 Nc8
15. Qd2 b5 16. Bh6 c4 17. Bc2 Na7 18. Bxg7 Kxg7 19. d5 Nf6 20. Qe3 Qd7 21. Nd4
Rfd8 22. h3 Rh8 23. f4 e5 24. fxe5 dxe5 25. Nf3 Qd6 26. Qb6 Nc8 27. Qxd6 Nxd6
28. Nxe5 Rhe8 29. Nc6 Nfxe4 30. Bxe4 Rxe4 31. Re1 Kf6 32. Rf1+ Kg7 33. Rae1 f5
34. Nb4 Kf6 35. Kf2 Ke7 36. Rxe4+ Nxe4+ 37. Ke3 Kd6 38. Kd4 h5 39. Re1 Ra7 40.
Re3 Ra8 41. g4 Rg8 42. Nxa6 Ra8 43. Nb4 Rxa5 44. gxf5 gxf5 45. Rf3 Nd2 46. Rxf5
Nb3+ 47. Ke3 Nc5 48. Rxh5 Ra7 49. Rh6+ Ke5 1-0

[Event "Deutsche Ländermeisterschaft 2013"]
[Site "Hannover GER"]
[Date "2013.10.03"]
[Round "3"]
[White "Schnabel, Luise"]
[Black "Weiten, Teresa"]
[Result "1-0"]
[Termination "normal"]
[Board "8.8"]
[WhiteTitle "12w"]
[BlackTitle "12w"]
[WhiteElo "1417"]
[BlackElo "976"]
[WhiteTeam "Berlin"]
[BlackTeam "Saarland"]
[WhiteFideId "12943347"]
[BlackFideId "12971944"]
[EventCountry "GER"]
[EventRounds "7"]
[EventType "team-swiss"]
[EventDate "2013.10.02"]

1. e4 e5 2. Nf3 Nc6 3. Bc4 Nf6 4. d4 exd4 5. O-O Nxe4 6. Re1 d5 7. Bxd5 Qxd5 8.
Nc3 Qh5 9. Nxe4 Bg4 10. Ng3+ Qe5 11. Rxe5+ Nxe5 12. Qe2 Bd6 13. Bf4 f6 14. Rd1
Bxf3 15. gxf3 O-O 16. Nf5 Rae8 17. Bxe5 fxe5 18. Nxd6 cxd6 19. Qe4 b6 20. Qd5+
Rf7 21. Kh1 Ree7 22. Qxd6 Kf8 23. Re1 Rf6 24. Qa3 a5 25. Rxe5 Rff7 26. Rxe7
Rxe7 27. Qd6 Kf7 28. Qxd4 Kg6 29. Qd6+ Kf7 30. Qxb6 Re2 31. c4 Re5 32. c5 h6
33. c6 Kg6 34. c7+ Kh5 35. c8=Q Kh4 36. Qg4# 1-0